Estadísticas para Jefes de Gobierno de la Ciudad de Buenos Aires

Haz click aquí para intentar la prueba.

Estadísticas generales

  • Esta prueba ha sido intentada 254 veces
  • La puntuación promedio es 4 de 6

Estadísticas de respuestas

% Correcto
2015 - 2023Horacio Rodríguez Larreta
97%
2007 - 2015Mauricio Macri
97%
1996 - 1999Fernando de la Rúa
78%
2000 - 2005Aníbal Ibarra
66%
2005 - 2007Jorge Telerman
43%
1999 - 2000Enrique Olivera
17%

Distribución de puntuación

Porcentaje por número respondido

Porcentaje de gente con cada puntuación

Historial de tus puntuaciones

No has intentado esta prueba.